Tous les Clubs Vainqueurs de la Ligue des Champions en 1 minute - Statistiques

Statistiques générales
  • Ce quiz a été pris 193 fois
    2 depuis la dernière actualisation
  • Le résultat moyen est 59 sur 70
Statistiques - réponses
Année Club % Correct
2007 AC Milan
100%
2003 AC Milan
100%
1994 AC Milan
100%
1990 AC Milan
100%
1989 AC Milan
100%
1969 AC Milan
100%
1963 AC Milan
100%
1995 Ajax Amsterdam
100%
1973 Ajax Amsterdam
100%
1972 Ajax Amsterdam
100%
1971 Ajax Amsterdam
100%
2020 Bayern Munich
100%
2013 Bayern Munich
100%
2001 Bayern Munich
100%
1976 Bayern Munich
100%
1975 Bayern Munich
100%
1974 Bayern Munich
100%
2021 Chelsea
100%
2012 Chelsea
100%
2015 FC Barcelone
100%
2011 FC Barcelone
100%
2009 FC Barcelone
100%
2006 FC Barcelone
100%
1992 FC Barcelone
100%
2010 Inter Milan
100%
1965 Inter Milan
100%
1964 Inter Milan
100%
1996 Juventus Turin
100%
1985 Juventus Turin
100%
2019 Liverpool
100%
2005 Liverpool
100%
1984 Liverpool
100%
1981 Liverpool
100%
1978 Liverpool
100%
1977 Liverpool
100%
2023 Manchester City
100%
2008 Manchester United
100%
1999 Manchester United
100%
1968 Manchester United
100%
2025 PSG
100%
2024 Real Madrid
100%
2022 Real Madrid
100%
2018 Real Madrid
100%
2017 Real Madrid
100%
2016 Real Madrid
100%
2014 Real Madrid
100%
2002 Real Madrid
100%
2000 Real Madrid
100%
1998 Real Madrid
100%
1966 Real Madrid
100%
1960 Real Madrid
100%
1959 Real Madrid
100%
1958 Real Madrid
100%
1957 Real Madrid
100%
1956 Real Madrid
100%
1982 Aston Villa
50%
1962 Benfica Lisbonne
50%
1961 Benfica Lisbonne
50%
1997 Borussia Dortmund
50%
1993 OM
50%
2004 Porto
50%
1987 Porto
50%
1988 PSV Eindhoven
50%
1967 Celtic Glasgow
0%
1991 Etoile rouge de Belgrade
0%
1970 Feyenoord Rotterdam
0%
1983 Hambourg SV
0%
1980 Nottingham Forest
0%
1979 Nottingham Forest
0%
1986 Steaua Bucarest
0%
Aucun quiz correspondant
Distribution des résultats
% des personnes avec chaque résultat
Percentile par nombre de réponses
Votre historique - résultats
Vous n’avez pas pris ce quiz depuis la dernière actualisation